<?xml version="1.0" encoding="UTF-8"?>
<record
    xmlns:xsi="http://www.w3.org/2001/XMLSchema-instance"
    xsi:schemaLocation="http://www.loc.gov/MARC21/slim http://www.loc.gov/standards/marcxml/schema/MARC21slim.xsd"
    xmlns="http://www.loc.gov/MARC21/slim">

  <leader>01877nam a2200289Ia 4500</leader>
  <controlfield tag="003">OSt</controlfield>
  <controlfield tag="005">20210719131621.0</controlfield>
  <controlfield tag="008">210310s2008 us a gr 00010 spa d</controlfield>
  <datafield tag="020" ind1=" " ind2=" ">
    <subfield code="a">9789588307206</subfield>
  </datafield>
  <datafield tag="040" ind1=" " ind2=" ">
    <subfield code="a">CO-JMCR</subfield>
    <subfield code="c">CO-JMCR</subfield>
  </datafield>
  <datafield tag="041" ind1="1" ind2=" ">
    <subfield code="a">spa</subfield>
    <subfield code="h">eng</subfield>
  </datafield>
  <datafield tag="082" ind1="0" ind2="4">
    <subfield code="a">332.0415098</subfield>
    <subfield code="b">T689m</subfield>
    <subfield code="2">23</subfield>
  </datafield>
  <datafield tag="100" ind1="1" ind2=" ">
    <subfield code="a">De la Torre, Augusto, </subfield>
    <subfield code="e">autor</subfield>
    <subfield code="9">26878</subfield>
  </datafield>
  <datafield tag="245" ind1="1" ind2="0">
    <subfield code="a">Mercados de capitales emergentes y globalizaci&#xF3;n la experiencia de Am&#xE9;rica Latina / </subfield>
    <subfield code="c">Augusto de la Torre, Sergio L. Schmukler ; traducci&#xF3;n ala castellano, Gladys Arango</subfield>
  </datafield>
  <datafield tag="250" ind1=" " ind2=" ">
    <subfield code="a">Primera edici&#xF3;n</subfield>
  </datafield>
  <datafield tag="260" ind1=" " ind2=" ">
    <subfield code="a">Washington DC. : </subfield>
    <subfield code="b">Banco Mundial, </subfield>
    <subfield code="c">2008.</subfield>
  </datafield>
  <datafield tag="300" ind1=" " ind2=" ">
    <subfield code="a">xviii, 260 p&#xE1;ginas : </subfield>
    <subfield code="b">ilustraciones y gr&#xE1;ficas en blanco y negro ; </subfield>
    <subfield code="c">23 cm.</subfield>
  </datafield>
  <datafield tag="500" ind1=" " ind2=" ">
    <subfield code="a">Incluye &#xED;ndices.</subfield>
  </datafield>
  <datafield tag="505" ind1="0" ind2=" ">
    <subfield code="a">&#xBF;Qu&#xE9; futuro tendr&#xE1; el desarrollo del mercado de capitales?. -- Desarrollos en los mercados de capitales. -- Factores detr&#xE1;s del desarrollo y de la internacionalizaci&#xF3;n de los mercados de capitales. -- Futuro probable de la agenda de reformas. --   </subfield>
  </datafield>
  <datafield tag="520" ind1="0" ind2=" ">
    <subfield code="a">A principios de la d&#xE9;cada de 1990, economistas y dise&#xF1;adores de pol&#xED;ticas tuvieron grandes expectativas acerca de las perspectivas para el desarrollo dom&#xE9;stico del mercado de capitales en econom&#xED;as emergentes. Infortunadamente, ahora est&#xE1;n enfrentados a resultados desalentadores. Muchos mercados de bonos y de acciones permanecen il&#xED;quidos y segmenta dos. La deuda tiende a estar concentrada en el extremo de corto plazo del espectro de vencimientos y denominada en moneda extranjera, exponiendo a los pa&#xED;ses a riesgos de vencimiento y de moneda.</subfield>
  </datafield>
  <datafield tag="650" ind1="1" ind2="4">
    <subfield code="a">Globalizaci&#xF3;n</subfield>
    <subfield code="z">Am&#xE9;rica Latina.</subfield>
    <subfield code="9">26880</subfield>
  </datafield>
  <datafield tag="650" ind1="2" ind2="4">
    <subfield code="a">Inversiones</subfield>
    <subfield code="z">Am&#xE9;rica Latina.</subfield>
    <subfield code="9">38553</subfield>
  </datafield>
  <datafield tag="650" ind1="2" ind2="4">
    <subfield code="a">Mercados de capitales</subfield>
    <subfield code="z">Am&#xE9;rica Latina.</subfield>
    <subfield code="9">38554</subfield>
  </datafield>
  <datafield tag="700" ind1="1" ind2=" ">
    <subfield code="a">Schmukler, Sergio L.,  </subfield>
    <subfield code="e">autor</subfield>
    <subfield code="9">38555</subfield>
  </datafield>
  <datafield tag="700" ind1="1" ind2=" ">
    <subfield code="a">Arango, Gladys, </subfield>
    <subfield code="e">traductora</subfield>
    <subfield code="9">38556</subfield>
  </datafield>
  <datafield tag="942" ind1=" " ind2=" ">
    <subfield code="2">ddc</subfield>
    <subfield code="c">BK</subfield>
  </datafield>
  <datafield tag="999" ind1=" " ind2=" ">
    <subfield code="c">11946</subfield>
    <subfield code="d">11946</subfield>
  </datafield>
  <datafield tag="952" ind1=" " ind2=" ">
    <subfield code="0">0</subfield>
    <subfield code="1">0</subfield>
    <subfield code="2">ddc</subfield>
    <subfield code="4">0</subfield>
    <subfield code="7">0</subfield>
    <subfield code="a">CPL</subfield>
    <subfield code="b">CPL</subfield>
    <subfield code="c">GEN</subfield>
    <subfield code="d">2018-04-15</subfield>
    <subfield code="e">Donaci&#xF3;n</subfield>
    <subfield code="o">332.0415098 / T689m</subfield>
    <subfield code="p">430003100</subfield>
    <subfield code="r">2024-05-16 00:00:00</subfield>
    <subfield code="t">Ej.1</subfield>
    <subfield code="w">2021-03-10</subfield>
    <subfield code="y">BK</subfield>
  </datafield>
</record>
